[Event "FIDE World Rapid Team"]
[Site "Almaty KAZ"]
[Date "2024.08.03"]
[Round "8.23"]
[White "Adilbekuly, Altair"]
[Black "Kovanova, Mariya"]
[Result "0-1"]
[BlackTitle "WFM"]
[WhiteElo "1694"]
[BlackElo "2118"]
[WhiteTeam "Chess Empire"]
[BlackTeam "Helicopter"]
[WhiteFideId "13763130"]
[BlackFideId "13704818"]
[EventDate "2024.08.02"]

1. e4 d5 2. exd5 Qxd5 3. Nc3 Qa5 4. d4 Nf6 5. Nf3 Bf5 6. Bc4 e6 7. Qe2 c6 8. Bd2
Qc7 9. O-O Bd6 10. Ne5 O-O 11. Bf4 Nd5 12. Bg3 Nxc3 13. bxc3 Nd7 14. Bd3 Bxd3
15. cxd3 Rad8 16. Rab1 b6 17. Rfe1 c5 18. dxc5 Qxc5 19. d4 Qc7 20. Nxd7 Rxd7 21.
Rbc1 Bxg3 22. hxg3 Rc8 23. Red1 Qc4 24. Qb2 Rd5 25. Rc2 h6 26. a3 e5 27. Rdc1 e4
28. Qb4 Qd3 29. Qb2 e3 30. Re2 exf2+ 31. Rxf2 Qxg3 32. Qb3 Rcd8 33. Rcf1 Qe3 34.
Rd1 R8d7 35. Kf1 Rh5 36. Kg1 Rf5 37. Rf1 Rd6 38. Qc4 Rdf6 39. Qa2 Rxf2 40. Rxf2
g5 41. Kf1 Qc1+ 42. Ke2 Re6+ 43. Kd3 Qe3+ 44. Kc4 a6 45. Qc2 Rc6+ 46. Kb3 Qe6+
47. Kb2 Qc4 48. Rf3 Qb5+ 49. Ka2 Qc4+ 50. Kb2 a5 51. Qe4 Qb5+ 52. Ka1 Re6 53.
Qa8+ Kg7 54. Rf2 Qb3 55. Rf1 Re2 0-1

[Event "FIDE World Rapid Team"]
[Site "Almaty KAZ"]
[Date "2024.08.03"]
[Round "8.25"]
[White "Williams, Justus"]
[Black "Malyi, Viacheslav"]
[Result "1-0"]
[WhiteTitle "IM"]
[BlackTitle "FM"]
[WhiteElo "2361"]
[BlackElo "2391"]
[WhiteTeam "Kazakhstan dream team"]
[BlackTeam "KRG-Team"]
[WhiteFideId "2049929"]
[BlackFideId "14123983"]
[EventDate "2024.08.02"]

1. e4 e5 2. Nf3 Nc6 3. Bc4 Bc5 4. c3 Nf6 5. d3 a6 6. a4 d6 7. h3 h6 8. Nbd2 O-O
9. b4 Ba7 10. O-O Ne7 11. Re1 Ng6 12. d4 Qe7 13. Ba3 Re8 14. Nf1 Be6 15. Bxe6
Qxe6 16. d5 Qd7 17. Ng3 Nf4 18. c4 Kh7 19. c5 g5 20. Nh2 Rg8 21. Qc2 g4 22. h4
N6h5 23. Nhf1 Qe7 24. Nf5 Qf6 25. N1g3 Ng7 26. Rf1 Nxf5 27. Nxf5 Ng6 28. g3 Ne7
29. Ne3 Rac8 30. Kh2 Ng6 31. Nf5 Ne7 32. Nxe7 Qxe7 33. f3 Qd7 34. f4 f6 35. fxe5
fxe5 36. Rf5 Rcf8 37. Raf1 Rxf5 38. Rxf5 Rg7 39. Qf2 Qxa4 40. Rf8 Qd7 41. Bc1
dxc5 42. bxc5 Bxc5 43. Qxc5 Rf7 44. Ba3 b6 45. Rxf7+ Qxf7 46. Qe7 Qxe7 47. Bxe7
a5 48. Bd8 b5 49. Bxc7 1-0

[Event "FIDE World Rapid Team"]
[Site "Almaty KAZ"]
[Date "2024.08.03"]
[Round "8.26"]
[White "Altynbekuly, Madiyar"]
[Black "Ishmukhametov, Adil"]
[Result "0-1"]
[WhiteElo "2114"]
[BlackElo "2077"]
[WhiteTeam "KRG-Team"]
[BlackTeam "Kazakhstan dream team"]
[WhiteFideId "13736264"]
[BlackFideId "13700170"]
[EventDate "2024.08.02"]

1. d4 d5 2. Bf4 Bf5 3. e3 Nf6 4. c4 Bxb1 5. Rxb1 e6 6. Qb3 b6 7. Nf3 Bd6 8. Ne5
O-O 9. Be2 Bxe5 10. Bxe5 Nbd7 11. Bf4 c5 12. O-O Qe7 13. cxd5 Nxd5 14. Bf3 cxd4
15. Bxd5 Nc5 16. Qb4 exd5 17. Qxd4 Rfd8 18. Rfd1 Qe4 19. Qc3 Ne6 20. Bg3 d4 21.
exd4 Nxd4 22. Kh1 Rac8 23. Qa3 a5 24. Re1 Qc6 25. Rbd1 h6 26. h3 Ne6 27. Rxd8+
Rxd8 28. Qe3 Rc8 29. Be5 b5 30. Qg3 Qd5 31. Bf6 g6 32. Qh4 Kh7 33. a3 Rc4 34.
Qg3 Qf5 35. Bc3 b4 36. axb4 axb4 37. Be5 Re4 38. Rxe4 Qxe4 39. Kh2 g5 40. Bd6
Qd4 41. Be5 Qe4 42. Bd6 Qd4 43. Be5 Qe4 44. Bf6 Qf4 45. Be7 b3 46. Qxf4 gxf4 47.
f3 Kg6 48. Kg1 Kf5 49. Bd6 Nd4 50. Kf2 h5 51. Ke1 Nc2+ 52. Kd2 Nd4 53. Kd3 Nc2
54. Bb8 Ne1+ 55. Kc3 Nxg2 56. Kxb3 Ne1 57. Kc4 Nxf3 58. b4 Nd2+ 59. Kd5 f3 60.
Bg3 Ne4 61. Be1 Kf4 62. b5 Nc3+ 63. Kc4 Nxb5 64. Kxb5 Ke3 65. Kc4 f2 66. Bxf2+
Kxf2 67. Kd4 Kg3 68. Ke5 Kxh3 69. Kd4 0-1

[Event "FIDE World Rapid Team"]
[Site "Almaty KAZ"]
[Date "2024.08.03"]
[Round "8.27"]
[White "Zhunusov, Nurlan"]
[Black "Kozhabekov, Adilkhan"]
[Result "0-1"]
[WhiteElo "1771"]
[BlackElo "1855"]
[WhiteTeam "Kazakhstan dream team"]
[BlackTeam "KRG-Team"]
[WhiteFideId "13708872"]
[BlackFideId "13702858"]
[EventDate "2024.08.02"]

1. e4 c5 2. Nf3 d6 3. d4 cxd4 4. Qxd4 Nc6 5. Bb5 Bd7 6. Bxc6 Bxc6 7. c4 Nf6 8.
Nc3 e6 9. O-O Be7 10. Rd1 a6 11. Qd3 Qc7 12. Bf4 Rd8 13. Rac1 Qa5 14. Nd4 O-O
15. Nxc6 bxc6 16. Qe2 e5 17. Be3 d5 18. cxd5 cxd5 19. exd5 Nxd5 20. Nxd5 Rxd5
21. Rxd5 Qxd5 22. Qxa6 h6 23. Qc4 Qa5 24. Qc7 Qb4 25. a3 Qd6 26. Qxd6 Bxd6 27.
Rc6 Be7 28. Kf1 f5 29. Bc5 Bxc5 30. Rxc5 e4 31. g3 g5 32. b4 Kg7 33. a4 Kf6 34.
Rc6+ Ke5 35. Rxh6 f4 36. gxf4+ gxf4 37. Ke2 Kd4 38. Rd6+ Ke5 39. Rd1 Rh8 40. a5
Rxh2 41. a6 e3 42. Ra1 Ke4 43. Rf1 f3+ 44. Ke1 e2 45. Rg1 Rh6 46. b5 Rd6 0-1

[Event "FIDE World Rapid Team"]
[Site "Almaty KAZ"]
[Date "2024.08.03"]
[Round "8.28"]
[White "Magzumov, Damirali"]
[Black "Beisikenov, Eduard"]
[Result "0-1"]
[WhiteElo "1756"]
[BlackElo "1821"]
[WhiteTeam "KRG-Team"]
[BlackTeam "Kazakhstan dream team"]
[WhiteFideId "13727117"]
[BlackFideId "13785079"]
[EventDate "2024.08.02"]

1. e4 e5 2. Nf3 Nc6 3. Bb5 f5 4. d3 fxe4 5. dxe4 Nf6 6. Nc3 Bb4 7. O-O Bxc3 8.
bxc3 d6 9. Re1 O-O 10. Bg5 Qe8 11. Nh4 h6 12. Bxf6 Rxf6 13. Nf5 Bxf5 14. exf5
Rxf5 15. Qd5+ Kh8 16. Bd3 Rf6 17. Rab1 Rb8 18. Qe4 g6 19. Qh4 Kg7 20. Qg3 Qf7
21. h4 d5 22. Bb5 e4 23. c4 Rf8 24. cxd5 Qxd5 25. Qxc7+ R8f7 26. Bxc6 bxc6 27.
Qg3 Rxf2 28. Qxf2 Rxf2 29. Kxf2 Qc5+ 30. Kg3 Qxc2 31. Rb7+ Kf6 32. Rf1+ Ke6 33.
Rff7 Qd3+ 34. Kh2 Qd6+ 35. Kh3 e3 36. Rg7 Qf4 37. Rxg6+ Kd5 38. Rg4 Qf5 39. Kg3
Qf2+ 40. Kh3 e2 41. Rd7+ Kc5 42. Re7 e1=Q 43. Rxe1 Qxe1 44. Rg6 Kd5 45. Kg4 c5
46. Rxh6 c4 47. Rh8 Qe4+ 48. Kh3 Qf5+ 49. g4 Qd3+ 50. Kg2 Qc2+ 51. Kf1 Qb1+ 0-1

[Event "FIDE World Rapid Team"]
[Site "Almaty KAZ"]
[Date "2024.08.03"]
[Round "8.29"]
[White "Sakenov, Askar"]
[Black "Amangeldinov, Alkey"]
[Result "1/2-1/2"]
[WhiteElo "1715"]
[BlackElo "1721"]
[WhiteTeam "Kazakhstan dream team"]
[BlackTeam "KRG-Team"]
[WhiteFideId "13713655"]
[BlackFideId "13770268"]
[EventDate "2024.08.02"]

1. e4 c6 2. d4 d5 3. Nc3 dxe4 4. Nxe4 Bf5 5. Ng3 Bg6 6. Nf3 Nd7 7. h4 h6 8. h5
Bh7 9. Bd3 Bxd3 10. Qxd3 Qc7 11. Bd2 e6 12. O-O-O Ngf6 13. Ne4 Nxe4 14. Qxe4 Nf6
15. Qe2 O-O-O 16. Kb1 Bd6 17. g3 Rd7 18. Bc1 Rhd8 19. Nd2 c5 20. Nc4 Nd5 21.
Nxd6+ Qxd6 22. Qg4 cxd4 23. Rxd4 f5 24. Qf3 Qc6 25. Rd3 Kb8 26. Re1 Rc8 27. Qe2
Rdc7 28. c3 Re7 29. Qe5+ Nc7 30. Rd6 Qc4 31. Rd4 Qc6 32. Be3 b6 33. Rd6 Qb5 34.
Qf4 Kb7 35. Bd4 Qd3+ 36. Ka1 Nd5 37. Qe5 Rcc7 38. Rxe6 Rxe6 39. Qxe6 Nb4 40.
cxb4 Qxd4 41. Qxf5 Qxb4 42. Qd5+ Ka6 43. Rd1 Rc5 44. Qd3+ Kb7 45. Qd7+ Ka6 46.
Qd3+ Kb7 47. a3 Qg4 48. Qd7+ Qxd7 49. Rxd7+ Kc6 50. Rxa7 Rxh5 51. Rxg7 Rh2 52.
f4 h5 53. Rh7 Rh3 54. f5 Rxg3 55. Rxh5 Rf3 56. Rh6+ Kc5 57. f6 b5 58. Ka2 Kc4
59. Rh4+ Kc5 60. Rh5+ Kc4 61. Rh6 Rf4 62. Rg6 Rf1 63. Rg4+ Kc5 64. b4+ Kd5 65.
Rg5+ Kc6 66. Rg6 Kd5 67. Kb3 Rf3+ 68. Kb2 Kc4 69. Rg4+ Kd5 70. Rg5+ Kc6 71. Rg6
Kd5 72. Rg5+ Kc6 73. Rg6 Kd5 74. Rh6 Kc4 75. Rh4+ Kd5 76. Rh5+ Kc6 77. Rh6 Kd5
78. f7 Rxf7 79. Rb6 Kc4 80. Rc6+ Kd4 81. Rc5 Rf2+ 82. Rc2 Rf5 83. Rh2 Rf4 84.
Rd2+ Kc4 85. Rc2+ Kd4 86. Rh2 Rg4 87. Rd2+ Kc4 88. Rc2+ Kd4 89. Rc5 Rg2+ 90. Kc1
Ra2 91. Rxb5 Rxa3 92. Kb2 Kc4 93. Kxa3 Kxb5 94. Kb3 Kb6 95. Ka4 Ka6 96. b5+ Kb6
97. Kb4 Kb7 98. Ka5 Ka7 99. b6+ Kb7 100. Kb5 Kb8 101. Ka6 Ka8 102. b7+ Kb8 103.
Kb6 1/2-1/2

[Event "FIDE World Rapid Team"]
[Site "Almaty KAZ"]
[Date "2024.08.03"]
[Round "8.30"]
[White "Zharkenova, Safiya"]
[Black "Aitmukhanova, Dinara"]
[Result "1/2-1/2"]
[WhiteElo "1424"]
[BlackElo "1611"]
[WhiteTeam "KRG-Team"]
[BlackTeam "Kazakhstan dream team"]
[WhiteFideId "13748890"]
[BlackFideId "13726722"]
[EventDate "2024.08.02"]

1. d4 e6 2. Nf3 Nf6 3. Bf4 Be7 4. e3 O-O 5. Nbd2 d5 6. c3 Nc6 7. Bd3 h6 8. O-O
Bd7 9. Re1 Bd6 10. Bxd6 cxd6 11. e4 dxe4 12. Nxe4 Nxe4 13. Bxe4 d5 14. Bc2 Qb6
15. Qd3 f5 16. Rab1 Rae8 17. h3 Qd8 18. Ba4 Ne7 19. Bxd7 Qxd7 20. Ne5 Qc7 21.
Nf3 Ng6 22. Re2 Nf4 23. Qd2 Nxe2+ 24. Qxe2 a6 25. Ne5 Rf6 26. Re1 b5 27. a3 f4
28. Qh5 Qc8 29. Qg4 Ref8 30. Ng6 R8f7 31. Ne5 Rf8 32. Ng6 R8f7 33. Ne5 Rf8 34.
Ng6 1/2-1/2

[Event "FIDE World Rapid Team"]
[Site "Almaty KAZ"]
[Date "2024.08.03"]
[Round "8.31"]
[White "Yermekov, Kairat"]
[Black "Bulatov, Ramil"]
[Result "0-1"]
[WhiteElo "2076"]
[BlackElo "2137"]
[WhiteTeam "VKO Team"]
[BlackTeam "Chess Dream"]
[WhiteFideId "13702203"]
[BlackFideId "4166140"]
[EventDate "2024.08.02"]

1. d4 d5 2. c4 Nc6 3. Nf3 Bg4 4. cxd5 Bxf3 5. gxf3 Qxd5 6. e3 e5 7. Nc3 Bb4 8.
Bd2 Bxc3 9. bxc3 Qd6 10. Qb3 Nge7 11. Qxb7 Rb8 12. Qa6 O-O 13. Qc4 Rfe8 14. Qc5
Qxc5 15. dxc5 Red8 16. O-O-O Rd5 17. Kc2 Rxc5 18. Rb1 Rb6 19. a3 Rxb1 20. Kxb1
Ra5 21. Kb2 Rd5 22. Kc2 Ra5 23. Bc1 Nd5 24. Be2 Kf8 25. Rd1 Ke7 26. Bb2 Nb6 27.
e4 Na4 28. Bc4 Rc5 29. Bd5 Nd4+ 30. Kd2 Nxf3+ 31. Kc2 Nd4+ 32. Kb1 Nxc3+ 33.
Bxc3 Rxc3 34. f4 f6 35. fxe5 fxe5 36. Rf1 Rf3 37. Rg1 g6 38. h4 Rxa3 39. h5 Kf6
40. hxg6 hxg6 41. Kb2 Re3 0-1

[Event "FIDE World Rapid Team"]
[Site "Almaty KAZ"]
[Date "2024.08.03"]
[Round "8.32"]
[White "Ishmukhamedov, Akhmet"]
[Black "Shevchenko, Alexandr"]
[Result "1-0"]
[WhiteElo "1978"]
[BlackElo "1814"]
[WhiteTeam "Chess Dream"]
[BlackTeam "VKO Team"]
[WhiteFideId "13701916"]
[BlackFideId "13756478"]
[EventDate "2024.08.02"]

1. e4 e5 2. Nf3 Nc6 3. Bc4 Bc5 4. c3 Nf6 5. d4 exd4 6. cxd4 Bb4+ 7. Bd2 Bxd2+ 8.
Nbxd2 d5 9. exd5 Nxd5 10. O-O O-O 11. Ne4 Bg4 12. h3 Bxf3 13. Qxf3 Nb6 14. Rac1
Qxd4 15. Rfd1 Qxb2 16. Rb1 Qe5 17. Rb5 Qe7 18. Bb3 Rad8 19. Rxd8 Rxd8 20. Ng5
Ne5 21. Rxe5 Qd7 22. Nxf7 1-0

[Event "FIDE World Rapid Team"]
[Site "Almaty KAZ"]
[Date "2024.08.03"]
[Round "8.33"]
[White "Sadybekov, Adilzhan"]
[Black "Lysakov, Anton"]
[Result "1/2-1/2"]
[WhiteElo "1674"]
[BlackElo "1947"]
[WhiteTeam "VKO Team"]
[BlackTeam "Chess Dream"]
[WhiteFideId "13764799"]
[BlackFideId "4193750"]
[EventDate "2024.08.02"]

1. d4 d5 2. Nf3 Nf6 3. Bf4 c5 4. c3 e6 5. e3 Be7 6. Nbd2 O-O 7. h3 b6 8. Bd3 Ba6
9. Bxa6 Nxa6 10. Qe2 Nc7 11. O-O Bd6 12. Ne5 Nfe8 13. Rad1 f6 14. Nef3 Bxf4 15.
exf4 Nd6 16. dxc5 bxc5 17. Nb3 Ne4 18. Nfd2 Nxd2 19. Rxd2 Qd6 20. Qe3 c4 21. Nd4
Rae8 22. Nf3 a6 23. Re1 Re7 24. b3 cxb3 25. axb3 Rfe8 26. c4 e5 27. fxe5 Rxe5
28. Nxe5 Rxe5 29. Rxd5 Nxd5 30. Qd2 Rxe1+ 31. Qxe1 Ne7 32. Qe4 g6 33. g4 Kf7 34.
Qb7 Qc6 35. Qb8 Qf3 36. g5 fxg5 37. Qb6 Qxh3 38. b4 Qg4+ 39. Kh2 Qxc4 40. Qa5
Qb5 41. Qa1 Qxb4 42. Qxa6 Qf4+ 43. Kg1 h5 44. Qa2+ Kf6 45. Qa6+ Kf5 46. Qb5+ Kg4
47. Qe2+ Kh4 48. Qxe7 Qf3 49. Qe1 Kh3 50. Qf1+ Kg4 51. Qc4+ Qf4 52. Qe6+ Qf5 53.
Qe2+ Kh4 54. Qa6 g4 55. Qd6 Kg5 56. Qd2+ Kf6 57. Qd8+ Ke5 58. Qc7+ Ke4 59. Qc6+
Kf4 60. Qd6+ Kg5 61. Qd2+ Qf4 62. Qd8+ Qf6 63. Qd2+ Kf5 64. Qd3+ Ke6 65. Qe4+
Kf7 66. Qb7+ Qe7 67. Qd5+ Kg7 68. Qd4+ Kh7 69. Qc3 h4 70. Qd4 Qe6 71. Qa7+ Kh6
72. Qd4 h3 73. Qh8+ Kg5 74. Qd8+ Qf6 75. Qd2+ Kh5 76. Qa5+ Qf5 77. Qa1 Qf3 78.
Qh8+ Kg5 79. Qe5+ Qf5 80. Qe3+ Kh5 81. Qe7 Qb1+ 82. Kh2 Qf5 83. Qh7+ Kg5 84.
Qe7+ Kh6 85. Qh4+ Qh5 86. Qf6 Qf5 87. Qh4+ Kg7 88. Qe7+ Qf7 89. Qe5+ Kh7 90. Qg3
Qf5 91. Qh4+ Kg7 92. Qe7+ Qf7 93. Qe5+ Kf8 94. Qh8+ Ke7 95. Qe5+ Qe6 96. Qc7+
Qd7 97. Qe5+ Kf7 98. Qf4+ Qf5 99. Qc7+ Kg8 100. Qd8+ Kg7 101. Qe7+ Kh8 102. Qd8+
Kh7 103. Qe7+ Kh6 104. Qh4+ Qh5 105. Qf6 Qd5 106. Qh4+ Qh5 107. Qf6 Qf5 108.
Qh8+ Kg5 109. Qd8+ Kf4 110. Qd2+ Ke5 111. Qa5+ Kf6 112. Qd8+ Ke6 113. Qb6+ Kd7
114. Qd4+ Ke7 115. Qa7+ Qd7 116. Qe3+ Kf7 117. Qf4+ Kg7 118. Qe5+ Kh7 119. Qg3
Kg8 120. Qb3+ Kh7 121. Qg3 g5 122. Qe5 Kh6 123. Qh8+ Kg6 124. Qg8+ Qg7 125. Qe6+
Qf6 126. Qxg4 Qxf2+ 127. Kxh3 Qf5 128. Qxf5+ Kxf5 129. Kg3 g4 130. Kg2 Kf4 131.
Kf2 g3+ 132. Kg2 Kg4 133. Kg1 Kg5 134. Kg2 Kh4 135. Kg1 Kg4 136. Kg2 Kf4 137.
Kg1 Kf3 138. Kf1 g2+ 139. Kg1 Kg3 1/2-1/2

[Event "FIDE World Rapid Team"]
[Site "Almaty KAZ"]
[Date "2024.08.03"]
[Round "8.34"]
[White "Minnekhanov, Eldar"]
[Black "Serikov, Merey"]
[Result "0-1"]
[WhiteElo "1750"]
[BlackElo "1616"]
[WhiteTeam "Chess Dream"]
[BlackTeam "VKO Team"]
[WhiteFideId "13705660"]
[BlackFideId "13734067"]
[EventDate "2024.08.02"]

1. e4 c5 2. d4 cxd4 3. c3 dxc3 4. Nxc3 Nc6 5. Bc4 d6 6. Nf3 e6 7. O-O Nf6 8. Qe2
a6 9. Rd1 Qc7 10. Bf4 e5 11. Bg5 Be7 12. Bxf6 Bxf6 13. Nd5 Qd8 14. Rac1 O-O 15.
Qd2 Bg4 16. Nxf6+ Qxf6 17. Qxd6 Qxd6 18. Rxd6 Bxf3 19. gxf3 Nd4 20. Kg2 b5 21.
Bd5 Ra7 22. a3 g6 23. Rc5 Kg7 24. Ba2 f6 25. f4 Re8 26. Rcd5 Ne2 27. Rd7+ Re7
28. Rxe7+ Rxe7 29. Kf3 Nxf4 30. Rd8 Ra7 31. Rg8+ Kh6 32. Rf8 Kg5 33. h4+ Kxh4
34. Rxf6 Rd7 35. Rxf4+ exf4 36. Kxf4 Rd2 37. f3 Rxb2 38. Bg8 g5+ 39. Ke3 h5 40.
e5 Rc2 41. Bd5 Kg3 42. e6 Rc7 43. Ke4 h4 44. Kf5 h3 45. Kxg5 h2 46. f4 Rc5 47.
e7 h1=Q 48. e8=Q Qxd5+ 49. Kf6 Qc6+ 0-1

[Event "FIDE World Rapid Team"]
[Site "Almaty KAZ"]
[Date "2024.08.03"]
[Round "8.35"]
[White "Tulekenova, Aiza"]
[Black "Bozhgulova, Zaynabkhan"]
[Result "1-0"]
[WhiteElo "1581"]
[BlackElo "1605"]
[WhiteTeam "VKO Team"]
[BlackTeam "Chess Dream"]
[WhiteFideId "13763881"]
[BlackFideId "13727443"]
[EventDate "2024.08.02"]

1. e4 Nf6 2. e5 Nd5 3. c4 Nb6 4. a4 a5 5. Nc3 Nc6 6. c5 Nxa4 7. Rxa4 Nxe5 8. d4
Ng6 9. Nf3 d6 10. cxd6 exd6 11. Bd3 Be7 12. O-O d5 13. Re1 Be6 14. Qb3 Bd7 15.
Ra1 Bc6 16. Bg5 f6 17. Bd2 O-O 18. Qc2 Be8 19. h4 Rf7 20. Bxg6 hxg6 21. Qxg6 Rf8
22. Qf5 c6 23. h5 Bd7 24. Qf4 Kh7 25. Nh4 f5 26. Ng6 Rf7 27. Nxe7 Rxe7 28. Rxe7
Qxe7 29. Re1 Qf6 30. Na4 Be8 31. Nb6 Rd8 32. h6 Bg6 33. hxg7 Qxg7 34. Qh4+ 1-0

[Event "FIDE World Rapid Team"]
[Site "Almaty KAZ"]
[Date "2024.08.03"]
[Round "8.36"]
[White "Yessengali, Alikhan"]
[Black "Niyazbek, Nurtileu"]
[Result "1/2-1/2"]
[WhiteElo "1529"]
[BlackElo "1578"]
[WhiteTeam "Chess Dream"]
[BlackTeam "VKO Team"]
[WhiteFideId "447015020"]
[BlackFideId "13765337"]
[EventDate "2024.08.02"]

1. e4 c6 2. d4 d5 3. e5 g6 4. f4 Bg7 5. Nf3 Nh6 6. Bd3 O-O 7. h4 Bg4 8. Nc3 f6
9. Qe2 fxe5 10. dxe5 c5 11. Nxd5 Nc6 12. Ne3 Nd4 13. Qf2 Bxf3 14. gxf3 Rxf4 15.
Be4 Qf8 16. Rh3 Qc8 17. Rh1 Qf8 18. Rh3 Qc8 19. Rh1 Qf8 20. Rh3 Qc8 21. Rh1 Qf8
22. Rh3 1/2-1/2

[Event "FIDE World Rapid Team"]
[Site "Almaty KAZ"]
[Date "2024.08.03"]
[Round "8.37"]
[White "Balguzhinov, Bakhyt"]
[Black "Serikgali Daulet"]
[Result "1/2-1/2"]
[WhiteElo "2155"]
[BlackElo "1571"]
[WhiteTeam "Chessacademy_pvl"]
[BlackTeam "Abai's Gambit Pioneers"]
[WhiteFideId "13703854"]
[BlackFideId "13780468"]
[EventDate "2024.08.02"]

1. d4 d5 2. Nf3 Nf6 3. e3 e6 4. Bd3 Be7 5. Nbd2 O-O 6. O-O Nbd7 7. Re1 Re8 8. c3
c5 9. Qe2 Rb8 10. Ne5 c4 11. Bc2 Nxe5 12. dxe5 Nd7 13. e4 Nxe5 14. exd5 Nd3 15.
Bxd3 cxd3 16. Qxd3 Qxd5 17. Qxd5 exd5 18. Nf3 Bg4 19. Bf4 Rbd8 20. Nd4 Bc5 21.
Nb3 Bb6 22. a4 a6 23. a5 Ba7 24. Be3 Bxe3 25. fxe3 Bd7 26. Nc5 Bc6 27. Rad1 g6
28. Rd4 Re5 29. Nd3 Re4 30. Nc5 Re5 31. Kf2 Rde8 32. Rb4 Rf5+ 33. Rf4 Rxf4+ 34.
exf4 Rxe1 35. Kxe1 d4 36. cxd4 Bxg2 37. Kf2 Bd5 38. Nd7 Bc6 39. Nb6 Kf8 40. d5
Bb5 41. Ke3 Ke7 42. Kd4 Kd6 43. Nc8+ Kd7 44. Nb6+ Kd6 45. b3 f6 46. h4 h6 47.
Nc4+ Kc7 48. Ne3 g5 49. fxg5 fxg5 50. hxg5 hxg5 51. Ke5 b6 52. b4 bxa5 53. bxa5
Bd7 54. Nf1 g4 55. Ng3 Bc8 56. Ne4 Bd7 57. Kf6 g3 58. Nxg3 Kd6 1/2-1/2

[Event "FIDE World Rapid Team"]
[Site "Almaty KAZ"]
[Date "2024.08.03"]
[Round "8.38"]
[White "Almazuly, Azamat"]
[Black "Derksen, Vadim"]
[Result "1-0"]
[WhiteElo "1720"]
[BlackElo "1735"]
[WhiteTeam "Abai's Gambit Pioneers"]
[BlackTeam "Chessacademy_pvl"]
[WhiteFideId "447002646"]
[BlackFideId "13737244"]
[EventDate "2024.08.02"]

1. d4 Nf6 2. c4 e6 3. Nc3 d5 4. Bg5 Be7 5. cxd5 exd5 6. e3 c6 7. Bd3 O-O 8. Qc2
Nbd7 9. Nf3 h6 10. Bf4 Re8 11. h3 Nf8 12. O-O Bd6 13. Bxd6 Qxd6 14. Rab1 Ne6 15.
b4 b5 16. Rfc1 Nd7 17. a4 a6 18. a5 Nf6 19. e4 dxe4 20. Nxe4 Nxe4 21. Bxe4 Bb7
22. Bxc6 Rac8 23. d5 Bxc6 24. dxc6 Nd8 25. c7 Ne6 26. Qc6 Qxc7 27. Qxa6 Qxc1+
28. Rxc1 Rxc1+ 29. Kh2 Rb8 30. Ne5 Rc7 31. Qd6 Rd8 32. Qb6 Rcc8 33. Nc6 Rd7 34.
a6 Nc7 35. Qb7 Ra8 36. a7 f6 37. Nb8 Re7 38. Na6 Nxa6 1-0

[Event "FIDE World Rapid Team"]
[Site "Almaty KAZ"]
[Date "2024.08.03"]
[Round "8.39"]
[White "Ivlev, Andrey"]
[Black "Kalikhan, Abilmansur"]
[Result "1/2-1/2"]
[WhiteElo "1578"]
[BlackElo "1670"]
[WhiteTeam "Chessacademy_pvl"]
[BlackTeam "Abai's Gambit Pioneers"]
[WhiteFideId "13747991"]
[BlackFideId "447010908"]
[EventDate "2024.08.02"]

1. e4 e6 2. d4 d5 3. exd5 exd5 4. Nf3 Nf6 5. Bd3 Bd6 6. O-O O-O 7. h3 h6 8. Be3
c6 9. Nbd2 Be6 10. c3 Nbd7 11. Qc2 Qc7 12. Bf5 Rfe8 13. Bd3 b5 14. Rfc1 Bf4 15.
Re1 Bd6 16. Rac1 Nb6 17. b3 a5 18. c4 bxc4 19. bxc4 Ba3 20. Rb1 Bb4 21. c5 Nc4
22. Bxc4 dxc4 23. Ne5 Nd5 24. Nexc4 Nxe3 25. Nxe3 Qd7 26. Qb2 Rad8 27. a3 Bxd2
28. Qxd2 Qxd4 29. Qxa5 Ra8 30. Qb6 Rec8 31. Ra1 Qc3 32. Qb4 Qf6 33. a4 Rcb8 34.
Qe4 Rb2 35. f3 Bd5 36. Nxd5 cxd5 37. Qxd5 Rd8 38. Qe5 Qxe5 39. Rxe5 Rdd2 40. g4
Rg2+ 41. Kf1 Rh2 42. Kg1 Rbg2+ 43. Kf1 Rf2+ 44. Ke1 Rfg2 45. Kf1 Rf2+ 46. Ke1
Rfg2 47. Kd1 Rd2+ 48. Ke1 Rdg2 49. Kf1 Rf2+ 50. Kg1 Rhg2+ 51. Kh1 Rh2+ 52. Kg1
Rhg2+ 53. Kh1 Rh2+ 54. Kg1 Rhg2+ 55. Kh1 Rh2+ 56. Kg1 Rhg2+ 1/2-1/2

[Event "FIDE World Rapid Team"]
[Site "Almaty KAZ"]
[Date "2024.08.03"]
[Round "8.40"]
[White "Raipov, Alinur"]
[Black "Semenov, Miroslav"]
[Result "1/2-1/2"]
[WhiteElo "1504"]
[BlackElo "1512"]
[WhiteTeam "Abai's Gambit Pioneers"]
[BlackTeam "Chessacademy_pvl"]
[WhiteFideId "13763814"]
[BlackFideId "447010525"]
[EventDate "2024.08.02"]

1. e4 c5 2. Nc3 Nc6 3. g3 e6 4. Bg2 Nf6 5. Nge2 Be7 6. O-O O-O 7. d3 d5 8. f4 b6
9. h3 Bb7 10. g4 dxe4 11. dxe4 Qxd1 12. Rxd1 Rfd8 13. Be3 Nb4 14. Rdc1 Rab8 15.
a3 Nc6 16. Rd1 Na5 17. b3 Ne8 18. e5 Bxg2 19. Kxg2 Nc7 20. Ng3 Nd5 21. Bd2 Nc6
22. Nge4 a6 23. Ne2 Rd7 24. c4 Nc7 25. Bc3 Rbd8 1/2-1/2

[Event "FIDE World Rapid Team"]
[Site "Almaty KAZ"]
[Date "2024.08.03"]
[Round "8.41"]
[White "Sembay, Aisana"]
[Black "Kiribayeva, Togzhan"]
[Result "1/2-1/2"]
[WhiteElo "1527"]
[BlackElo "1544"]
[WhiteTeam "Chessacademy_pvl"]
[BlackTeam "Abai's Gambit Pioneers"]
[WhiteFideId "13791281"]
[BlackFideId "13739263"]
[EventDate "2024.08.02"]

1. e4 c5 2. Nf3 Nc6 3. d4 cxd4 4. Nxd4 Nf6 5. Nc3 g6 6. Be3 Bg7 7. Bc4 O-O 8.
Bb3 d6 9. f3 a6 10. Qd2 Qc7 11. O-O Bd7 12. Nxc6 Bxc6 13. Bh6 b5 14. Bxg7 Kxg7
15. a3 Rac8 16. Ne2 Bb7 17. c3 Qc5+ 18. Qd4 Rfd8 19. Rfd1 h5 20. Rac1 a5 21. Nf4
e5 22. Qxc5 dxc5 23. Ne2 c4 24. Bc2 Nd7 25. Rd2 Nc5 26. Rcd1 Rxd2 27. Rxd2 Rc7
28. Kf2 Na6 29. Rd6 b4 30. axb4 axb4 31. cxb4 Nxb4 32. Bb1 Kf8 33. Nc3 Ke7 34.
Rd1 Ke6 35. Ke3 f5 36. Na2 Nc6 37. Nc3 Nd4 38. Ne2 Nxe2 39. Kxe2 Ba6 40. Kd2 Rb7
41. Kc3 Rb3+ 42. Kc2 fxe4 43. fxe4 Re3 44. Kd2 Rb3 45. Kc2 Rb8 46. Kc3 Rf8 47.
Ba2 Rf2 48. Rd2 Rxd2 49. Kxd2 Kd6 50. Kc3 Kc5 51. h4 Bb5 52. g3 Ba6 1/2-1/2

[Event "FIDE World Rapid Team"]
[Site "Almaty KAZ"]
[Date "2024.08.03"]
[Round "8.43"]
[White "Tuleyeva-Aketayeva, Dana"]
[Black "Dosov, Nurlan"]
[Result "1/2-1/2"]
[WhiteTitle "WIM"]
[BlackTitle "FM"]
[WhiteElo "2130"]
[BlackElo "2153"]
[WhiteTeam "Abai Chess Team"]
[BlackTeam "Baiterekchess"]
[WhiteFideId "13701932"]
[BlackFideId "13701320"]
[EventDate "2024.08.02"]

1. Nf3 Nf6 2. c4 e6 3. g3 d5 4. d4 Be7 5. Bg2 O-O 6. Qc2 c5 7. dxc5 Bxc5 8. O-O
Qc7 9. Bf4 Bd6 10. Bxd6 Qxd6 11. cxd5 exd5 12. Nc3 Nc6 13. Nb5 Qe7 14. e3 Be6
15. Nbd4 Rfc8 16. Qa4 Bd7 17. Qb3 Na5 18. Qd3 Nc4 19. b3 Nd6 20. Rfc1 Nde4 21.
Nd2 Qa3 22. Rxc8+ Rxc8 23. Nxe4 Rc1+ 24. Rxc1 Qxc1+ 25. Qf1 1/2-1/2